000 01483nam a2200253Ii 4500
003 JO-AjNU
005 20240625115332.0
008 230605s9999||||xx |||||||||||||| ||und||
040 _aJO-AjNU
_bara
_erda
_cJO-AjNU
041 _aara
050 1 4 _aHF5625 2021
100 1 _aالصمادي، معاذ بسام عطا
_eمعد
_965627
245 0 0 _aاثر المسؤولية الاجتماعية على القيمة السوقية في الشركات الصناعية المدرجة في بورصة عمان: نوع الصناعة كمتغير معدل = The Impact of Social Responsibility on the Market Value for Listed Industrial Companies at Amman Stock Exchange - Industry Type as a Moderating Variable /
_cاعداد معاذ بسام عطا الصمادي؛ اشراف علي عبدالله الزعبي، شرين محمود العلي
264 3 1 _a 2021
300 _a85 ورقة
336 _atext
_btxt
_2rdacontent
337 _aunmediated
_bn
_2rdamedia
338 _avolume
_bnc
_2rdacarrier
500 _aرسالة جامعية(اطروحة ماجستير) جامعة عجلون الوطنية، كلية ادارة الاعمال، تخصص المحاسبة؛ 2021
650 4 _aالقيمة السوقية-المسؤولية الاجتماعية-الشركات الصناعية
_961295
700 1 _aالزعبي، علي عبدالله
_965219
_eمشرف رئيسي
700 1 _aالعلي، شرين محمود
_eمشرف مشارك
_965628
942 _2lcc
_cTHS
999 _c31266
_d31266